000 00575nam a2200181Ia 4500
008 100921s9999 xx 000 0 und d
082 _b6295
_a891.463 थ 49
100 _aखांडेकर वि.स.
245 _aदोन ध्रुव.
260 _bदेशमुख आणि कंपनी,पुणे.
_c1949
300 _a292
_b---
365 _b6
520 _aललित-कादंबरी.
630 _aदोन ध्रुव.
650 _aललित-कादंबरी.
730 _aदोन ध्रुव.
942 _cBOOK
999 _c755408
_d755405